[Event "Sitges op-B 43rd"]
[Site "Sitges"]
[Date "2017.07.27"]
[Round "6.2"]
[White "Arnijas Fabregas, Marc"]
[Black "Guasch Guasch, Ferran"]
[Result "1-0"]
[WhiteElo "1947"]
[BlackElo "1609"]
[PlyCount "45"]
[EventDate "2017.07.22"]
[EventType "swiss"]
[EventRounds "9"]
[EventCountry "ESP"]
[SourceTitle "EXT 2024"]
[Source "ChessBase"]
[SourceDate "2023.10.10"]
[SourceVersion "1"]
[SourceVersionDate "2023.10.10"]
[SourceQuality "1"]

1. Nf3 Nf6 2. b3 g6 3. Bb2 Bg7 4. e3 0-0 5. c4 d6 6. d4 c5 7. Be2 Nbd7 8. Nc3 a6 9. 0-0 Qc7 10. Rc1 e6 11. Qc2 Re8 12. Rfd1 b6 13. dxc5 dxc5 14. Rd2 Bb7 15. Rcd1 Bc6 16. Ng5 Ne5 17. Nce4 Nxe4 18. Nxe4 Bxe4 19. Qxe4 f5 20. Qh4 h6 21. f4 g5 22. Qh5 Qf7 23. Bxe5 1-0